| 000 | 00673nac a22002051u 4500 | ||
|---|---|---|---|
| 020 | _a0333473833 : | ||
| 020 | _a0333473835 : | ||
| 082 |
_a658.81 _bDON |
||
| 090 |
_c9568 _d9568 |
||
| 100 | _aDonaldson, Bill. | ||
| 245 |
_aSales management : Theory and Practice / _cBill Donaldson. |
||
| 260 |
_aLondon : _bMacmillan,1990. _cc1990. |
||
| 300 |
_axiii, 302 p.; _bill.; _c20 cm. |
||
| 440 | _aMacmillan studies in marketing management | ||
| 500 | _aDistributer: Al-Ahram | ||
| 504 | _aIncludes bibliographical references and index. | ||
| 511 | _aCatalogued by: Sara | ||
| 650 | _aSales management. | ||
| 942 |
_cBB _k658.81DON |
||
| 999 |
_c9568 _d9568 |
||